000 01022nas a2200277Ia 4500
001 R113/44686
003 IT-RoPAU
008 151124c99999999xx |||||||||||| ||und||
040 _aIT-RoPAU
040 _cIT-RoPAU
041 _aITALIANO
100 _aBottino Maria Cristina
_gCodice Aut. SPICS: 30429
210 _aCOMUNICAZIONI SOCIALI
222 _aComunicazioni Sociali
245 _aCOMUNICAZIONI SOCIALI, ANNO 01-N.3 (LUGLIO/SETTEMBRE 1979)
_bInduzione di Resistenza Alla Persuasione (L')
250 _a1a ed.
260 _aMILANO
_bVITA E PENSIERO
_c1979
501 _bPaulus - SPICS - Società San Paolo EM (non-commercial uses only)
_cCopyright2015
300 _a7 p. [54-60]
362 _aANNO 001, N.03 (LUGLIO/SETTEMBRE 1979)
500 _aMomento Storico Teorico e Metodologico degli Esperimenti Principali Risultati degli Esperimenti Momento Applicativo
650 _aCOMUNICAZIONE
_vPUBBLICAZIONE PERIODICA
700 _aCalvi Gabriele
700 _gCodice Aut. SPICS: 8578
942 _cCR
999 _c109926
_d109926